| 000 | 01378nam a22004817a 4500 | ||
|---|---|---|---|
| 005 | 20200917091415.0 | ||
| 008 | 200917b xxu||||| |||| 00| 0 spa d | ||
| 020 | _a9788413102559 | ||
| 041 | _aspa | ||
| 082 | _a428.3 C317i | ||
| 100 |
_aCarrillo Garrido, Anabel _958854 |
||
| 245 | _aInglés profesional para servicios de restauración (Transversal) (MF1051_2) | ||
| 260 | _aEspaña | ||
| 260 | _bCEP | ||
| 260 | _c2019 | ||
| 300 | _a144 páginas | ||
| 650 |
_aINGLÉS _92062 |
||
| 650 |
_aENSEÑANZA _9236 |
||
| 650 |
_aTURISMO _9894 |
||
| 650 |
_aSERVICIOS DE RESTAURACIÓN _958469 |
||
| 650 |
_aINFORMACIÓN GASTRONÓMICA _958470 |
||
| 650 |
_aMENÚS _96824 |
||
| 650 |
_aCARTAS _92564 |
||
| 650 |
_aRECETAS _93116 |
||
| 650 |
_aLISTAS DE DISTRIBUCIÓN _958855 |
||
| 650 |
_aEVENTOS _95531 |
||
| 650 |
_aREDACCIÓN _9356 |
||
| 650 |
_aATENCIÓN AL CLIENTE _92068 |
||
| 650 |
_aPRESENTACIÓN PERSONAL _916529 |
||
| 650 |
_aRECLAMOS _91563 |
||
| 650 |
_aQUEJAS _91562 |
||
| 650 |
_aFACTURACIÓN _94433 |
||
| 650 |
_aCOBRO _910053 |
||
| 650 |
_aSOLICITUDES DE INFORMACIÓN _958856 |
||
| 650 |
_aRESERVACIONES _96012 |
||
| 650 |
_aEXPRESIÓN ORAL _95239 |
||
| 650 |
_aEXPRESIÓN ESCRITA _99235 |
||
| 650 |
_aEXPRESIONES FRECUENTES _958857 |
||
| 650 |
_aVOCABULARIO _94737 |
||
| 650 |
_aALIMENTOS _97804 |
||
| 650 |
_aBEBIDAS _91735 |
||
| 942 | _cBK | ||
| 999 |
_c12771 _d12771 |
||